| 000 | 00666nam a2200229 a 4500 | ||
|---|---|---|---|
| 001 | 67320 | ||
| 003 | BD-RjUL | ||
| 005 | 20211209081634.0 | ||
| 008 | 840111s1965 enka b 000 0 eng | ||
| 035 | _a(BD-RjUL)67451 | ||
| 040 |
_aDLC/ICU _cICU _dBD-RjUL _beng |
||
| 041 | _aeng | ||
| 082 | 0 | 0 |
_a539.7 _223 _bTHE 1965 |
| 245 | 1 | 0 |
_aThermal neutron scattering / _cEdited by P.A. Egelstaff |
| 260 |
_aLondon, _bAcademic Press, _c1965. |
||
| 300 |
_axv, 523 p. : _bill. _c24 cm. |
||
| 504 | _aIncludes bibliography and Index. | ||
| 650 |
_aAtomic and nuclear physics _9199401 |
||
| 700 |
_aEgelstaff, P. A. _9199455 |
||
| 942 |
_2ddc _cBK |
||
| 999 |
_c67320 _d67320 |
||